000 00434nam a22001697a 4500
003 NUST
005 20260417145157.0
008 260417b ||||| |||| 00| 0 eng d
020 _a 978-0070411500
082 _a333.9115
_bMAY
100 _aLarry W. Mays
_927659
245 _aWater Resource handbook /
_cLarry W. Mays
260 _bMcGraw Hill,
_c1996.
300 _a1568 p ;
_c28.00 cm
563 _aHardcover
942 _2ddc
_cBK
999 _c617162
_d617162